|
|
|
|
| LEADER |
00000naa2a2200000 4500 |
| 001 |
623835 |
| 005 |
20231101133301.0 |
| 035 |
|
|
|a (RuTPU)RU\TPU\conf\22928
|
| 035 |
|
|
|a RU\TPU\conf\22924
|
| 090 |
|
|
|a 623835
|
| 100 |
|
|
|a 20170921d2017 k y0rusy50 ca
|
| 101 |
0 |
|
|a rus
|
| 102 |
|
|
|a RU
|
| 105 |
|
|
|a y z 101zy
|
| 135 |
|
|
|a drcn ---uucaa
|
| 181 |
|
0 |
|a i
|
| 182 |
|
0 |
|a b
|
| 200 |
1 |
|
|a Литолого-фациальные особенности баженовской свиты как "промежуточного" коллектора углеводородов в зонах дизъюнктивных нарушений
|f Е. А. Предтеченская, О. Н. Злобина
|
| 203 |
|
|
|a Текст
|c электронный
|
| 225 |
1 |
|
|a Западно-Сибирский регион
|
| 230 |
|
|
|a 1 компьютерный файл (pdf; 1 075 Кб)
|
| 300 |
|
|
|a Заглавие с экрана
|
| 320 |
|
|
|a [Библиогр.: с. 121-122 (29 назв.)]
|
| 330 |
|
|
|a Проведенные исследования направлены на выявление роли вещественного состава пород и воздействия флюидодинамических процессов в формировании улучшенных коллекторов в баженовском резервуаре в центральных и юго-восточных районах Западно-Сибирской плиты. Установлено, что в разрезах присутствуют пласты и пачки проницаемых пород с биоморфной структурой: вторично измененные радиоляриты, спонголиты, кокколитофоридовые мергели, пелециподовые ракушняки, которые по данным ГИС имеют характеристики, свойственные мелкозернистым песчаникам и алевролитам. Эти пласты хорошо различаются на каротажных кривых по аномальным значениям НГК, АК, ПС и ИК. Силициты радиоляриевые формировались в обогащенных органическим углеродом (Сорг.) иловых впадинах, унаследованных в рельефе морского дна от отрицательных структур доюрского основания, отчасти расположенных в пределах надрифтовых желобов, а пелециподовые известняки-ракушняки - в пределах подводных поднятий различной амплитуды. Присутствующие в составе свиты эпигенетически измененные породы с биоморфной структурой обладают улучшенными коллекторскими свойствами. В случае активизации глубинных разломов и связанных с ними процессов вертикальной миграции УВ флюидов, затрагивающих баженовский горизонт и залегающие выше отложения, вышеупомянутые породы баженовской свиты будут служить «промежуточными» коллекторами УВ для перекрывающих песчаных пластов.
|
| 463 |
|
0 |
|0 (RuTPU)RU\TPU\conf\22907
|t Современные проблемы седиментологии в нефтегазовом инжиниринге
|o труды III Всероссийского научно‐практическогоседиментологического совещания, 10-12 апреля 2017 г., г. Томск
|f Национальный исследовательский Томский политехнический университет (ТПУ), Институт природных ресурсов (ИПР) ; гл. ред. О. С. Чернова
|v [С. 113-122]
|d 2017
|
| 610 |
1 |
|
|a электронный ресурс
|
| 610 |
1 |
|
|a верхняя юра
|
| 610 |
1 |
|
|a баженовская свита
|
| 610 |
1 |
|
|a Западная Сибирь
|
| 610 |
1 |
|
|a нефтегазоносность
|
| 610 |
1 |
|
|a вещественный состав
|
| 610 |
1 |
|
|a коллекторы
|
| 610 |
1 |
|
|a углеводороды
|
| 610 |
1 |
|
|a глубинные разломы
|
| 610 |
1 |
|
|a флюидомиграция
|
| 700 |
|
1 |
|a Предтеченская
|b Е. А.
|
| 701 |
|
1 |
|a Злобина
|b О. Н.
|
| 712 |
0 |
2 |
|a Российская академия наук (РАН)
|b Сибирское отделение (СО)
|b Институт нефтегазовой геологии и геофизики им. А. А. Трофимука (ИНГГ)
|c (Новосибирск)
|c (2005- )
|2 stltpush
|3 (RuTPU)RU\TPU\col\11894
|
| 712 |
0 |
2 |
|a Сибирский научно-исследовательский институт геологии, геофизики и минерального сырья (СНИИГГиМС)
|c (Новосибирск)
|2 stltpush
|3 (RuTPU)RU\TPU\col\322
|
| 801 |
|
2 |
|a RU
|b 63413507
|c 20171129
|g RCR
|
| 856 |
4 |
|
|u http://earchive.tpu.ru/handle/11683/43053
|
| 942 |
|
|
|c BK
|